| 000 | 00961nam a2200289Ia 4500 | ||
|---|---|---|---|
| 001 | Para_8800 | ||
| 003 | CHAP | ||
| 008 | 220125s2003 xx 000 0 und d | ||
| 010 | _a205965 | ||
| 040 | _cCHAP | ||
| 090 | _aPA TESIS 1765 | ||
| 100 |
_aLeón Calvario, José de Jesús _966097 |
||
| 245 |
_aIdentificación de ácaros asociados al encino (Quercus spp.) en Tequexquinahuac, Texcoco., Ed. de México / _c por José de Jesús León Calvario |
||
| 260 |
_aChapingo, Méx. : _b el autor |
||
| 300 | _a29 h. | ||
| 502 | _aTesis (Ing. Agr. Esp. en Parasitología Agrícola) -- UACh. Departamento Parasitología Agrícola | ||
| 650 | _aAcaros | ||
| 650 |
_aQuercus _x plagas _993174 |
||
| 710 |
_aUACh. Departamento Parasitología Agrícola _9164025 |
||
| 901 | _aPA TESIS 1765 | ||
| 902 | _aA | ||
| 905 | _a0000002003 ad 0000000000 00 | ||
| 910 | _a2003 | ||
| 942 | _cPARA | ||
| 942 |
_cPARA _d1 |
||
| 999 |
_c205965 _d205965 |
||